[Event "DVM U20w 2019"]
[Site "Braunschweig GER"]
[Date "2019.12.29"]
[Round "6"]
[White "Margaryan, Venera"]
[Black "Schmidt, Pauline"]
[Result "1-0"]
[Termination "normal"]
[Board "6.2"]
[WhiteElo "1383"]
[BlackElo "1628"]
[WhiteClock "00:23:14"]
[BlackClock "00:15:19"]
[WhiteTeam "SK Lehrte"]
[BlackTeam "SG Blau-Weiß Stadtilm"]
[PlyCount "64"]
[WhiteFideId "16266226"]
[BlackFideId "16209850"]
[EventCountry "GER"]
[EventRounds "7"]
[EventType "team-swiss"]
[EventDate "2019.12.26"]

1. d4 {[%clk 1:30:58]} Nf6 {[%clk 1:30:52]} 2. Nf3 {[%clk 1:31:16]} e6 {[%clk
1:31:05]} 3. Bg5 {[%clk 1:31:22]} Be7 {[%clk 1:30:40]} 4. e3 {[%clk 1:31:39]}
O-O {[%clk 1:30:51]} 5. Bd3 {[%clk 1:31:32]} d5 {[%clk 1:31:08]} 6. c3 {[%clk
1:31:31]} c5 {[%clk 1:29:12]} 7. Nbd2 {[%clk 1:29:50]} Nbd7 {[%clk 1:24:56]} 8.
O-O {[%clk 1:28:18]} c4 {[%clk 1:18:58]} 9. Bc2 {[%clk 1:28:27]} b5 {[%clk
1:13:32]} 10. a3 {[%clk 1:26:45]} a5 {[%clk 1:12:18]} 11. Qb1 {[%clk 1:20:16]}
h6 {[%clk 1:11:28]} 12. Bxf6 {[%clk 1:19:02]} Nxf6 {[%clk 1:11:25]} 13. Ne5
{[%clk 1:18:50]} Ba6 {[%clk 1:09:07]} 14. f4 {[%clk 1:14:50]} b4 {[%clk
1:08:32]} 15. Nc6 {[%clk 1:09:51]} Qc7 {[%clk 1:07:31]} 16. Nxe7+ {[%clk
1:06:54]} Qxe7 {[%clk 1:07:54]} 17. axb4 {[%clk 1:05:56]} axb4 {[%clk 1:08:14]}
18. Qe1 {[%clk 1:04:24]} Rfb8 {[%clk 1:06:49]} 19. Nf3 {[%clk 0:55:07]} bxc3
{[%clk 1:02:43]} 20. bxc3 {[%clk 0:55:16]} Rb2 {[%clk 1:01:07]} 21. Rf2 {[%clk
0:53:04]} Qb7 {[%clk 0:58:21]} 22. Qc1 {[%clk 0:49:10]} Rb6 {[%clk 0:55:01]}
23. Ne5 {[%clk 0:47:05]} Rb8 {[%clk 0:46:49]} 24. f5 {[%clk 0:42:31]} Bb5
{[%clk 0:30:43]} 25. fxe6 {[%clk 0:41:37]} Rxe6 {[%clk 0:28:41]} 26. Qd1 {[%clk
0:40:32]} Ra6 {[%clk 0:25:26]} 27. Rb1 {[%clk 0:33:06]} Ra3 {[%clk 0:23:30]}
28. Qe1 {[%clk 0:31:04]} Qa6 {[%clk 0:20:25]} 29. Bf5 {[%clk 0:25:30]} Qa7
{[%clk 0:16:55]} 30. Rfb2 {[%clk 0:23:26]} Ra5 {[%clk 0:16:14]} 31. Nc6 {[%clk
0:23:04]} Qc7 {[%clk 0:14:53]} 32. Nxa5 {[%clk 0:23:14]} Qxa5 {[%clk 0:15:19]}
*

[Event "DVM U20w 2019"]
[Site "Braunschweig GER"]
[Date "2019.12.29"]
[Round "6"]
[White "Kessen, Fanny"]
[Black "Schwalbach, Kathrin"]
[Result "0-1"]
[Termination "normal"]
[Board "7.4"]
[WhiteElo "1265"]
[BlackElo "1137"]
[WhiteClock "00:36:37"]
[BlackClock "00:41:59"]
[WhiteTeam "SC Borussia Lichtenberg"]
[BlackTeam "SG Trier"]
[PlyCount "68"]
[WhiteFideId "16217357"]
[BlackFideId "16275284"]
[EventCountry "GER"]
[EventRounds "7"]
[EventType "team-swiss"]
[EventDate "2019.12.26"]

1. e4 {[%clk 1:30:57]} e5 {[%clk 1:30:56]} 2. Nf3 {[%clk 1:31:24]} Nc6 {[%clk
1:31:10]} 3. Bc4 {[%clk 1:31:46]} Bc5 {[%clk 1:31:20]} 4. d3 {[%clk 1:32:00]}
Nf6 {[%clk 1:31:16]} 5. c3 {[%clk 1:32:05]} O-O {[%clk 1:30:28]} 6. Bb3 {[%clk
1:32:15]} Re8 {[%clk 1:29:21]} 7. O-O {[%clk 1:32:30]} h6 {[%clk 1:28:41]} 8.
Re1 {[%clk 1:31:20]} d5 {[%clk 1:28:27]} 9. exd5 {[%clk 1:30:00]} Nxd5 {[%clk
1:28:35]} 10. Nbd2 {[%clk 1:29:32]} Nf4 {[%clk 1:25:19]} 11. Ne4 {[%clk
1:27:57]} Bb6 {[%clk 1:22:22]} 12. d4 {[%clk 1:26:51]} Ng6 {[%clk 1:19:15]} 13.
d5 {[%clk 1:24:25]} Na5 {[%clk 1:16:02]} 14. Bc2 {[%clk 1:22:27]} Bf5 {[%clk
1:13:29]} 15. a4 {[%clk 1:20:59]} Bxe4 {[%clk 1:12:30]} 16. Bxe4 {[%clk
1:21:10]} Qf6 {[%clk 1:12:21]} 17. b4 {[%clk 1:21:00]} c6 {[%clk 1:08:22]} 18.
bxa5 {[%clk 1:20:31]} Bxa5 {[%clk 1:08:41]} 19. Bb2 {[%clk 1:19:16]} Rad8
{[%clk 1:08:23]} 20. Qb3 {[%clk 1:18:25]} Re7 {[%clk 1:04:35]} 21. dxc6 bxc6
22. Rad1 {[%clk 1:16:13]} Ree8 {[%clk 1:03:45]} 23. Rxd8 {[%clk 1:13:34]} Rxd8
{[%clk 1:00:28]} 24. Rc1 {[%clk 1:11:44]} Nf4 {[%clk 0:59:56]} 25. Re1 {[%clk
1:08:42]} Nd3 {[%clk 0:58:40]} 26. Bxd3 {[%clk 1:06:02]} Rxd3 {[%clk 0:58:41]}
27. Rxe5 {[%clk 1:05:28]} Qg6 {[%clk 0:57:53]} 28. Nh4 {[%clk 1:01:21]} Qg4
{[%clk 0:52:53]} 29. f3 {[%clk 0:57:11]} Qxh4 {[%clk 0:52:46]} 30. Re4 {[%clk
0:43:14]} Qf6 {[%clk 0:44:42]} 31. Re8+ {[%clk 0:41:57]} Kh7 {[%clk 0:44:52]}
32. Qc2 {[%clk 0:38:47]} Qg6 {[%clk 0:43:00]} 33. Re7 {[%clk 0:37:08]} Bb6+
{[%clk 0:42:25]} 34. Kf1 {[%clk 0:36:37]} Rxf3+ {[%clk 0:41:59]} 0-1

[Event "DVM U20w 2019"]
[Site "Braunschweig GER"]
[Date "2019.12.29"]
[Round "6"]
[White "Rempe, Janne"]
[Black "Adelhardt, Lisa"]
[Result "0-1"]
[Termination "normal"]
[Board "8.1"]
[WhiteElo "1559"]
[BlackElo "1418"]
[WhiteTeam "SK Doppelbauer Kiel"]
[BlackTeam "SC Erlangen 48/88"]
[WhiteFideId "16202392"]
[BlackFideId "16235380"]
[EventCountry "GER"]
[EventRounds "7"]
[EventType "team-swiss"]
[EventDate "2019.12.26"]

1. d4 Nf6 2. Nf3 e6 3. Bf4 c5 4. c3 d5
5. e3 Bd6 6. Bg3 O-O 7. Nbd2 Qc7 8. Bd3 Nbd7
9. e4 e5 10. dxe5 Nxe5 11. Nxe5 Bxe5 12. exd5 Bg4
13. Qc2 Rfe8 14. Kf1 Nxd5 15. Nc4 Bxg3 16. Bxh7+ Kf8
17. hxg3 Be2+ 18. Qxe2 Rxe2 19. Kxe2 Nf6 20. Bd3 Re8+
21. Kf1 g6 22. Rh8+ Ng8 23. Ne3 Kg7 24. Rh1 Qd6
25. Rd1 Qf6 26. Nd5 Qc6 27. Nf4 Nf6 28. Nh3 Rd8
29. Nf4 c4 30. Bc2 Rxd1+ 31. Bxd1 Qa6 32. Rh4 Qxa2
33. Ne2 b5 34. Rd4 Qxb2 35. Ke1 a5 36. Rd2 Qb1
37. Nd4 a4 38. Nc2 Qb3 39. Nd4 Qxc3 40. f3 a3
41. Be2 a2 42. Nc2 b4 0-1

[Event "DVM U20w 2019"]
[Site "Braunschweig GER"]
[Date "2019.12.29"]
[Round "6"]
[White "Schilay, Maria"]
[Black "Rempe, Mieke"]
[Result "1/2-1/2"]
[Termination "normal"]
[Board "8.2"]
[WhiteElo "1450"]
[BlackElo "1619"]
[WhiteTeam "SC Erlangen 48/88"]
[BlackTeam "SK Doppelbauer Kiel"]
[WhiteFideId "12942979"]
[BlackFideId "16202384"]
[EventCountry "GER"]
[EventRounds "7"]
[EventType "team-swiss"]
[EventDate "2019.12.26"]

1. e4 c6 2. Nf3 d5 3. exd5 cxd5 4. Ne5 e6
5. d4 Nf6 6. c3 Bd6 7. f4 Ne4 8. Bd3 Qh4+
9. g3 Nxg3 10. Nf3 Qh5 11. Rg1 Ne4 12. Rxg7 Qh6
13. Rg4 Be7 14. Qe2 e5 15. Rg1 Bh4+ 16. Kd1 Nf2+
17. Kc2 Nxd3 18. Qxd3 e4 19. Qe2 Qh5 20. Qb5+ Bd7
21. Qxb7 Qxf3 22. Qxa8 Qd3+ 23. Kb3 Qc4+ 24. Kc2 Qd3+
25. Kb3 Qc4+ 26. Kc2 Qd3+ 27. Kb3 Qc4+ 1/2-1/2

[Event "DVM U20w 2019"]
[Site "Braunschweig GER"]
[Date "2019.12.29"]
[Round "6"]
[White "Birner, Lucy Jasmin"]
[Black "Krause, Ricarda Sophie"]
[Result "0-1"]
[Termination "normal"]
[Board "8.3"]
[WhiteElo "1611"]
[BlackElo "1491"]
[WhiteTeam "SK Doppelbauer Kiel"]
[BlackTeam "SC Erlangen 48/88"]
[WhiteFideId "16205910"]
[BlackFideId "16282930"]
[EventCountry "GER"]
[EventRounds "7"]
[EventType "team-swiss"]
[EventDate "2019.12.26"]

1. e4 e5 2. Nf3 Nc6 3. Bc4 Nf6 4. d3 Bc5
5. Bg5 d6 6. h3 Be6 7. Bb3 h6 8. Bh4 g5
9. Bg3 Qd7 10. Nc3 O-O-O 11. Qe2 Rdg8 12. O-O-O h5
13. Nd2 Nd4 14. Qe1 h4 15. Bh2 g4 16. Bg1 gxh3
17. gxh3 Nxb3+ 18. Nxb3 Bxh3 19. Nxc5 dxc5 20. Qe3 Bg2
21. Bh2 Bxh1 22. Rxh1 Ng4 23. Qxc5 Nxh2 24. Rxh2 Qd4
25. Qe7 h3 26. Qxf7 Rg2 27. Qe6+ Qd7 28. Qxe5 Rxh2
29. Qxh2 Rg8 30. Qf4 Qg4 31. Qf7 h2 0-1

[Event "DVM U20w 2019"]
[Site "Braunschweig GER"]
[Date "2019.12.29"]
[Round "6"]
[White "Strobel, Joanna"]
[Black "Malinowsky, Celina"]
[Result "0-1"]
[Termination "normal"]
[Board "8.4"]
[WhiteElo "1140"]
[BlackElo "1293"]
[WhiteTeam "SC Erlangen 48/88"]
[BlackTeam "SK Doppelbauer Kiel"]
[WhiteFideId "16217217"]
[BlackFideId "16266986"]
[EventCountry "GER"]
[EventRounds "7"]
[EventType "team-swiss"]
[EventDate "2019.12.26"]

1. e4 e5 2. Nf3 Nc6 3. d4 exd4 4. Nxd4 Nf6
5. Nc3 Bc5 6. Be3 Bb6 7. Be2 d6 8. O-O Qe7
9. Bf3 O-O 10. Re1 Re8 11. Nxc6 bxc6 12. Bxb6 axb6
13. e5 dxe5 14. Bxc6 Rd8 15. Qe2 Ba6 16. Qf3 Rab8
17. Qg3 Qc5 18. Bf3 Re8 19. Rad1 Bb7 20. Bxb7 Rxb7
21. Ne4 Nxe4 22. Rxe4 Qxc2 23. Qd3 Qxd3 24. Rxd3 f6
25. f4 c5 26. fxe5 Rxe5 27. Rxe5 fxe5 28. Rd6 Kf7
29. Kf2 Ke7 30. Rd2 Rd7 31. Re2 Ke6 32. a3 Rd4
33. Ke3 Kd5 34. Rc2 Rc4 35. Rd2+ Rd4 36. Rc2 e4
37. Rc3 c4 38. b4 Rd3+ 39. Rxd3+ cxd3 40. a4 Kc4
41. a5 bxa5 42. bxa5 Kb5 43. Kxe4 0-1

[Event "DVM U20w 2019"]
[Site "Braunschweig GER"]
[Date "2019.12.30"]
[Round "7"]
[White "Peglau, Mirjam"]
[Black "Müdder, Melanie"]
[Result "1/2-1/2"]
[Termination "normal"]
[Board "1.1"]
[WhiteElo "1916"]
[BlackElo "1902"]
[WhiteClock "00:13:34"]
[BlackClock "00:09:37"]
[WhiteTeam "Schachzentrum Seeblick e. V."]
[BlackTeam "Schachgesellschaft Solingen e. V."]
[PlyCount "50"]
[WhiteFideId "16211138"]
[BlackFideId "12994103"]
[EventCountry "GER"]
[EventRounds "7"]
[EventType "team-swiss"]
[EventDate "2019.12.26"]

1. d4 {[%clk 1:30:58]} Nf6 {[%clk 1:30:54]} 2. c4 {[%clk 1:31:23]} g6 {[%clk
1:31:17]} 3. f3 {[%clk 1:31:50]} d5 {[%clk 1:27:55]} 4. cxd5 {[%clk 1:31:37]}
Nxd5 {[%clk 1:27:10]} 5. e4 {[%clk 1:32:31]} Nb6 {[%clk 1:26:39]} 6. Be3 {[%clk
1:32:08]} Bg7 {[%clk 1:26:41]} 7. Nc3 {[%clk 1:31:20]} O-O {[%clk 1:25:52]} 8.
Qd3 {[%clk 1:13:35]} Nc6 {[%clk 1:17:19]} 9. Rd1 {[%clk 1:13:29]} f5 {[%clk
1:02:19]} 10. g3 {[%clk 0:52:40]} fxe4 {[%clk 0:54:08]} 11. fxe4 {[%clk
0:51:52]} e5 {[%clk 0:46:44]} 12. d5 {[%clk 0:47:39]} Nd4 {[%clk 0:45:00]} 13.
Nce2 {[%clk 0:45:29]} Bg4 {[%clk 0:40:21]} 14. Bg2 {[%clk 0:43:31]} Qf6 {[%clk
0:32:09]} 15. Nxd4 {[%clk 0:34:09]} Bxd1 {[%clk 0:30:22]} 16. Ne6 {[%clk
0:34:10]} Bg4 {[%clk 0:30:14]} 17. Nxf8 {[%clk 0:34:29]} Rxf8 {[%clk 0:27:14]}
18. Nh3 {[%clk 0:30:20]} Qd6 {[%clk 0:22:16]} 19. a3 {[%clk 0:23:21]} c6 {[%clk
0:16:41]} 20. Nf2 {[%clk 0:16:09]} Bf3 {[%clk 0:12:10]} 21. Bxf3 {[%clk
0:15:39]} Rxf3 {[%clk 0:12:31]} 22. Qe2 {[%clk 0:13:49]} Rf7 {[%clk 0:11:47]}
23. dxc6 {[%clk 0:14:05]} bxc6 {[%clk 0:11:33]} 24. O-O {[%clk 0:14:10]} Qe6
{[%clk 0:11:03]} 25. Rc1 {[%clk 0:13:34]} Rd7 {[%clk 0:09:37]} 1/2-1/2

[Event "DVM U20w 2019"]
[Site "Braunschweig GER"]
[Date "2019.12.30"]
[Round "7"]
[White "Bashylina, Luisa"]
[Black "Peglau, Sarah"]
[Result "1/2-1/2"]
[Termination "normal"]
[Board "1.2"]
[WhiteTitle "WCM"]
[WhiteElo "1935"]
[BlackElo "1760"]
[WhiteTeam "Schachgesellschaft Solingen e. V."]
[BlackTeam "Schachzentrum Seeblick e. V."]
[PlyCount "89"]
[WhiteFideId "12983292"]
[BlackFideId "16219961"]
[EventCountry "GER"]
[EventRounds "7"]
[EventType "team-swiss"]
[EventDate "2019.12.26"]

1. e4 c6 2. d4 d5 3. e5 Bf5 4. Nd2 Qc7 5. Nb3 e6 6. Nf3 c5 7. dxc5 Bxc5 8. Bb5+
Nd7 9. Bxd7+ Kxd7 10. Nxc5+ Qxc5 11. Nd4 Bg6 12. O-O Ne7 13. Be3 Qc7 14. Qe2
Nc6 15. Nb5 Qxe5 16. c4 a6 17. cxd5 exd5 18. Na3 Rhd8 19. Qd2 Qf5 20. Nc4 Ke8
21. Nb6 Ra7 22. Bc5 f6 23. Rfe1+ Kf7 24. Qe3 Qe4 25. Qg3 Qf5 26. Rad1 Kg8 27.
Nxd5 Raa8 28. Ne7+ Nxe7 29. Rxd8+ Rxd8 30. Bxe7 Rc8 31. Qb3+ Bf7 32. Qxb7 Bxa2
33. Qxa6 Bf7 34. b4 Qc2 35. Bc5 Rd8 36. h3 h6 37. Qb6 Qd3 38. Qc7 Rd7 39. Qb8+
Kh7 40. Rc1 Bc4 41. Qc8 Rd8 42. Qc7 Rd7 43. Qf4 Bb5 44. Re1 Qd5 45. Qe3 1/2-1/2

[Event "DVM U20w 2019"]
[Site "Braunschweig GER"]
[Date "2019.12.30"]
[Round "7"]
[White "Peglau, Charis"]
[Black "Berelowitsch, Dana"]
[Result "0-1"]
[Termination "normal"]
[Board "1.3"]
[WhiteElo "1728"]
[BlackElo "1792"]
[WhiteClock "00:10:08"]
[BlackClock "00:10:01"]
[WhiteTeam "Schachzentrum Seeblick e. V."]
[BlackTeam "Schachgesellschaft Solingen e. V."]
[PlyCount "120"]
[WhiteFideId "16219996"]
[BlackFideId "12977144"]
[EventCountry "GER"]
[EventRounds "7"]
[EventType "team-swiss"]
[EventDate "2019.12.26"]

1. e4 {[%clk 1:30:58]} c5 {[%clk 1:30:56]} 2. Nf3 {[%clk 1:31:19]} g6 {[%clk
1:31:20]} 3. d4 {[%clk 1:31:34]} cxd4 {[%clk 1:31:45]} 4. Nxd4 {[%clk 1:31:59]}
Bg7 {[%clk 1:32:11]} 5. c4 {[%clk 1:32:11]} Nc6 {[%clk 1:32:33]} 6. Be3 {[%clk
1:32:32]} Nf6 {[%clk 1:32:52]} 7. Nc3 {[%clk 1:32:32]} Ng4 {[%clk 1:33:06]} 8.
Nxc6 {[%clk 1:31:23]} Nxe3 {[%clk 1:32:37]} 9. Nxd8 {[%clk 1:31:43]} Nxd1
{[%clk 1:32:41]} 10. Nxd1 {[%clk 1:31:29]} Kxd8 {[%clk 1:32:58]} 11. Rc1 {[%clk
1:31:39]} d6 {[%clk 1:30:16]} 12. c5 {[%clk 1:29:48]} dxc5 {[%clk 1:29:26]} 13.
Rxc5 {[%clk 1:30:11]} Be6 {[%clk 1:27:55]} 14. b3 {[%clk 1:28:10]} Rc8 {[%clk
1:25:19]} 15. Rxc8+ {[%clk 1:28:28]} Kxc8 {[%clk 1:24:45]} 16. g3 {[%clk
1:16:30]} Kb8 {[%clk 1:15:46]} 17. f4 {[%clk 1:11:56]} Bd4 {[%clk 1:13:38]} 18.
Be2 {[%clk 1:10:47]} Rc8 {[%clk 1:06:58]} 19. Kd2 {[%clk 1:08:21]} Bh3 {[%clk
0:55:21]} 20. Bc4 {[%clk 1:04:00]} f6 {[%clk 0:43:44]} 21. Ne3 {[%clk 0:54:47]}
Rd8 {[%clk 0:40:26]} 22. Ke2 {[%clk 0:54:44]} Bc5 {[%clk 0:40:02]} 23. Rc1
{[%clk 0:48:35]} Bb4 {[%clk 0:34:36]} 24. Rd1 {[%clk 0:46:36]} Rxd1 {[%clk
0:28:36]} 25. Kxd1 {[%clk 0:46:57]} Bc5 {[%clk 0:26:32]} 26. Ke2 {[%clk
0:46:55]} Kc7 {[%clk 0:24:56]} 27. Bg8 {[%clk 0:44:05]} h6 {[%clk 0:24:24]} 28.
Bc4 {[%clk 0:40:03]} Kd6 {[%clk 0:23:54]} 29. Bd5 {[%clk 0:39:05]} b5 {[%clk
0:21:05]} 30. a4 {[%clk 0:28:07]} Bxe3 {[%clk 0:16:42]} 31. Kxe3 {[%clk
0:28:32]} bxa4 {[%clk 0:16:45]} 32. bxa4 {[%clk 0:28:59]} Bd7 {[%clk 0:16:48]}
33. Kd4 {[%clk 0:25:45]} e5+ {[%clk 0:16:26]} 34. fxe5+ {[%clk 0:24:28]} fxe5+
{[%clk 0:16:53]} 35. Kc4 {[%clk 0:24:45]} Bxa4 {[%clk 0:16:42]} 36. Bf7 {[%clk
0:24:27]} g5 {[%clk 0:16:12]} 37. Kb4 {[%clk 0:23:40]} Bc2 {[%clk 0:12:53]} 38.
Bd5 {[%clk 0:19:01]} Bd3 {[%clk 0:12:40]} 39. Ba8 {[%clk 0:17:40]} a6 {[%clk
0:12:43]} 40. Bd5 {[%clk 0:17:37]} Bb5 {[%clk 0:12:28]} 41. Bb3 {[%clk
0:14:32]} Kc6 {[%clk 0:10:54]} 42. h4 {[%clk 0:13:43]} Kb6 {[%clk 0:09:50]} 43.
hxg5 {[%clk 0:13:23]} hxg5 {[%clk 0:09:58]} 44. Ba2 {[%clk 0:13:02]} a5+ {[%clk
0:09:16]} 45. Kb3 {[%clk 0:12:32]} Bd3 {[%clk 0:08:57]} 46. Kc3 {[%clk
0:10:39]} Bxe4 {[%clk 0:08:59]} 47. Kc4 {[%clk 0:10:56]} Bf3 {[%clk 0:08:00]}
48. Bb1 {[%clk 0:09:47]} e4 {[%clk 0:07:12]} 49. Kd4 {[%clk 0:09:21]} a4 {[%clk
0:07:28]} 50. Ba2 {[%clk 0:07:50]} Kb5 {[%clk 0:07:14]} 51. Bd5 {[%clk
0:07:44]} Kb4 {[%clk 0:07:19]} 52. Bxe4 {[%clk 0:07:47]} Bxe4 {[%clk 0:07:42]}
53. Kxe4 {[%clk 0:08:14]} a3 {[%clk 0:08:06]} 54. Kf5 {[%clk 0:08:39]} a2
{[%clk 0:08:30]} 55. Kxg5 {[%clk 0:09:05]} a1=Q {[%clk 0:08:51]} 56. Kf5 {[%clk
0:09:17]} Qg7 {[%clk 0:09:02]} 57. g4 {[%clk 0:09:40]} Kc5 {[%clk 0:09:23]} 58.
g5 {[%clk 0:09:51]} Kd5 {[%clk 0:09:42]} 59. Kf4 {[%clk 0:10:08]} Qg6 {[%clk
0:10:01]} 60. Ke5+ Kxe5 0-1

[Event "DVM U20w 2019"]
[Site "Braunschweig GER"]
[Date "2019.12.30"]
[Round "7"]
[White "Sereda, Yaroslava"]
[Black "Peglau, Dora"]
[Result "1-0"]
[Termination "normal"]
[Board "1.4"]
[WhiteElo "1726"]
[BlackElo "1502"]
[WhiteClock "00:12:54"]
[BlackClock "00:06:06"]
[WhiteTeam "Schachgesellschaft Solingen e. V."]
[BlackTeam "Schachzentrum Seeblick e. V."]
[PlyCount "59"]
[WhiteFideId "14178940"]
[BlackFideId "16220005"]
[EventCountry "GER"]
[EventRounds "7"]
[EventType "team-swiss"]
[EventDate "2019.12.26"]

1. e4 {[%clk 1:30:57]} e6 {[%clk 1:30:56]} 2. d4 d5 {[%clk 1:31:18]} 3. Nd2
{[%clk 1:31:34]} dxe4 {[%clk 1:31:42]} 4. Nxe4 {[%clk 1:31:51]} Bd7 {[%clk
1:32:08]} 5. Nf3 {[%clk 1:31:46]} Bc6 {[%clk 1:32:31]} 6. Bd3 {[%clk 1:31:25]}
Nd7 {[%clk 1:32:47]} 7. O-O {[%clk 1:29:15]} Ngf6 {[%clk 1:32:58]} 8. Nxf6+
{[%clk 1:28:01]} Qxf6 {[%clk 1:32:49]} 9. Be2 {[%clk 1:21:55]} Bd6 {[%clk
1:25:54]} 10. c4 {[%clk 1:05:57]} O-O {[%clk 1:13:36]} 11. d5 {[%clk 0:59:06]}
exd5 {[%clk 1:09:24]} 12. cxd5 {[%clk 0:59:20]} Bxd5 {[%clk 1:04:42]} 13. Qxd5
{[%clk 0:59:34]} c6 {[%clk 1:03:46]} 14. Qb3 {[%clk 0:54:30]} Nc5 {[%clk
1:00:21]} 15. Qc2 {[%clk 0:54:13]} h6 {[%clk 0:54:19]} 16. Be3 {[%clk 0:45:30]}
Ne6 {[%clk 0:52:31]} 17. Rfd1 {[%clk 0:41:36]} Rfd8 {[%clk 0:45:10]} 18. Bc4
{[%clk 0:37:00]} Qe7 {[%clk 0:24:51]} 19. Re1 {[%clk 0:30:30]} Qf6 {[%clk
0:18:16]} 20. Bxe6 {[%clk 0:30:01]} fxe6 {[%clk 0:18:20]} 21. Bd4 {[%clk
0:28:20]} Qf7 {[%clk 0:17:21]} 22. Qc4 {[%clk 0:24:38]} Re8 {[%clk 0:17:00]}
23. Re2 {[%clk 0:22:24]} a5 {[%clk 0:10:00]} 24. a3 {[%clk 0:20:27]} Re7 {[%clk
0:09:37]} 25. Rae1 {[%clk 0:20:27]} Rae8 {[%clk 0:09:49]} 26. Bc3 {[%clk
0:19:52]} Bc7 {[%clk 0:09:43]} 27. Be5 {[%clk 0:15:05]} Bxe5 {[%clk 0:08:37]}
28. Rxe5 {[%clk 0:15:29]} Qf6 {[%clk 0:08:20]} 29. h3 {[%clk 0:14:10]} Kh8
{[%clk 0:06:06]} 30. b3 {[%clk 0:12:54]} 1-0

[Event "DVM U20w 2019"]
[Site "Braunschweig GER"]
[Date "2019.12.30"]
[Round "7"]
[White "Schumann, Rabea"]
[Black "Möller, Lisa-Marie"]
[Result "1/2-1/2"]
[Termination "normal"]
[Board "2.1"]
[WhiteElo "1873"]
[BlackElo "1934"]
[WhiteClock "00:02:26"]
[BlackClock "00:10:52"]
[WhiteTeam "SG Güstrow/Teterow"]
[BlackTeam "Düsseldorfer Schachklub 14/25 e. V."]
[PlyCount "102"]
[WhiteFideId "12918199"]
[BlackFideId "12959367"]
[EventCountry "GER"]
[EventRounds "7"]
[EventType "team-swiss"]
[EventDate "2019.12.26"]

1. c4 {[%clk 1:30:56]} e5 {[%clk 1:30:54]} 2. g3 {[%clk 1:31:16]} Nf6 {[%clk
1:31:16]} 3. Bg2 {[%clk 1:31:33]} d5 {[%clk 1:31:21]} 4. cxd5 {[%clk 1:31:49]}
Nxd5 {[%clk 1:31:44]} 5. Nc3 {[%clk 1:32:04]} Nb6 {[%clk 1:32:02]} 6. Nf3
{[%clk 1:32:14]} Nc6 {[%clk 1:32:26]} 7. O-O {[%clk 1:32:29]} Be7 {[%clk
1:32:47]} 8. a3 {[%clk 1:32:13]} O-O {[%clk 1:32:50]} 9. d3 {[%clk 1:32:17]}
Re8 {[%clk 1:33:07]} 10. Be3 {[%clk 1:31:48]} Bf8 {[%clk 1:32:43]} 11. Rc1
{[%clk 1:30:18]} f6 {[%clk 1:22:18]} 12. Nd2 {[%clk 1:23:02]} Nd4 {[%clk
1:18:48]} 13. Nce4 {[%clk 1:05:45]} Nf5 {[%clk 1:05:45]} 14. Bc5 {[%clk
1:02:19]} Bxc5 {[%clk 1:01:33]} 15. Nxc5 {[%clk 1:02:18]} Rb8 {[%clk 0:59:16]}
16. Ndb3 {[%clk 0:54:31]} Nd4 {[%clk 0:52:11]} 17. Na5 {[%clk 0:42:47]} c6
{[%clk 0:45:49]} 18. e3 {[%clk 0:30:59]} Ne6 {[%clk 0:45:01]} 19. Qb3 {[%clk
0:26:40]} Qd6 {[%clk 0:43:05]} 20. Ne4 {[%clk 0:22:11]} Qe7 {[%clk 0:40:11]}
21. Rfd1 {[%clk 0:20:07]} Kh8 {[%clk 0:37:00]} 22. Nc4 {[%clk 0:17:10]} Nxc4
{[%clk 0:35:10]} 23. Qxc4 {[%clk 0:16:58]} Nc7 {[%clk 0:32:05]} 24. d4 {[%clk
0:14:28]} exd4 {[%clk 0:26:36]} 25. Rxd4 {[%clk 0:13:57]} Nb5 {[%clk 0:24:44]}
26. Rd2 {[%clk 0:13:04]} Be6 {[%clk 0:24:14]} 27. Qc5 {[%clk 0:12:46]} Bd5
{[%clk 0:22:57]} 28. Qxe7 {[%clk 0:11:13]} Rxe7 {[%clk 0:23:23]} 29. Nc3 {[%clk
0:10:47]} Nxc3 {[%clk 0:22:17]} 30. Rxc3 {[%clk 0:11:04]} Be6 {[%clk 0:19:45]}
31. Rcd3 {[%clk 0:09:56]} Kg8 {[%clk 0:19:49]} 32. Rd6 {[%clk 0:06:50]} Kf7
{[%clk 0:19:11]} 33. Kf1 {[%clk 0:06:50]} Ree8 {[%clk 0:19:08]} 34. Ke2 {[%clk
0:06:12]} Ke7 {[%clk 0:19:04]} 35. R6d4 {[%clk 0:05:46]} Rbd8 {[%clk 0:18:34]}
36. Rxd8 {[%clk 0:05:06]} Rxd8 {[%clk 0:18:57]} 37. Rxd8 {[%clk 0:05:11]} Kxd8
{[%clk 0:19:24]} 38. Kd3 {[%clk 0:05:08]} Kd7 {[%clk 0:19:19]} 39. Be4 {[%clk
0:02:18]} h6 {[%clk 0:16:25]} 40. Kc3 {[%clk 0:00:48]} Kd6 {[%clk 0:15:31]} 41.
f4 {[%clk 0:25:47]} a5 {[%clk 0:41:37]} 42. Bf3 {[%clk 0:21:38]} b6 {[%clk
0:34:02]} 43. Be2 {[%clk 0:12:31]} Kc5 {[%clk 0:20:28]} 44. Bf1 {[%clk
0:08:44]} Bd5 {[%clk 0:15:00]} 45. Bd3 {[%clk 0:08:28]} a4 {[%clk 0:13:04]} 46.
Bc2 {[%clk 0:07:55]} b5 {[%clk 0:12:49]} 47. Bf5 {[%clk 0:06:35]} Bf7 {[%clk
0:12:02]} 48. e4 {[%clk 0:04:11]} Bc4 {[%clk 0:10:43]} 49. Bg4 {[%clk 0:03:21]}
Bf7 {[%clk 0:10:28]} 50. Bf5 {[%clk 0:03:16]} Bc4 {[%clk 0:10:52]} 51. Bg4
{[%clk 0:02:26]} Kd5 1/2-1/2